01349nam a22002057a 450000500170000000800410001704000440005804100080010208200170011010000350012724500730016226000530023530000360028850004070032450503040073150600210103565000350105665000230109165100290111420171201152119.0130821s1934 ck fr 0 spa  aCo-BoUCMbspacSandra YazodSandra Yazo00aspa04220a305.89861 aLopez de Mesa, Luisd1884-196710aDe cómo se ha formado la nación ColombianacLuis López de Mesa aBogotá (Colombia)bLibrería Colombianac1934 a228, [1] páginasc23 x 17 cm. aDetalles físicos: Sin encuadernación original, actualmente encuadernación rígida en cartón forrado en papel texturizado. Lomo con adornos en dorado. Guardas en papel especial. Hojas de cortesía. Portada, impresa en una sola tinta, con varias sellos de tinta. Texto en una sola columna, impreso sobre papel ordinario, sucio y manchado. Márgenes amplios. Cuadros y gráficos entre el texto0 aEl signo histórico de América ; El territorio de Colombia ; Composición e índole de los grupos raciales que la pueblan ; Desarrollo de su riqueza ; Su evolución constitucional ; Religión y religiosidad suyas ; Empresas históricas de su cultura ; Su expresión en el arte ; Su misión aConsulta en sala 7aCondiciones socialeszColombia 7aHistoriazColombia 7aColombiaxCivilización